000 01350cam a2200337 a 4500
001 3001
003 FISKH
005 20240130121115.0
008 090217s2009 nyu c b 000 1 eng
010 _a 2009004157
020 _a9780803734609
020 _a9780545338714
040 _aDLC
_cDLC
_dDLC
_beng
042 _alcac
050 0 0 _aPZ7.C446265
_bAp 2009
082 0 0 _a[Fic]
_222
100 1 _aCholdenko, Gennifer,
_d1957-
245 1 0 _aAl Capone shines my shoes /
_cGennifer Choldenko.
250 _aFirst Scholastic Paperback printing, January 2011
260 _aNew York :
_bScholastic,
_c2009
300 _a274 pages :
_c20 cm
520 _aMoose Flanagan, who lives on Alcatraz along with his family and the families of the other prison guards, is frightened when he discovers that noted gangster Al Capone, a prisoner there, wants a favor in return for the help that he secretly gave Moose.
586 8 _aA Listening Library selection.
610 2 0 _aUnited States Penitentiary, Alcatraz Island, California
_vJuvenile fiction.
610 2 1 _aUnited States Penitentiary, Alcatraz Island, California
_vFiction.
650 1 _aAutism
_vFiction.
650 1 _aSiblings
_vFiction.
651 1 _aAlcatraz Island (Calif.)
_xHistory
_y20th century
_vFiction.
906 _a7
_bcbc
_corignew
_d1
_eecip
_f20
_gy-gencatlg
942 _2ddc
_cBK
_n0
999 _c3001
_d3001